000
00315cam a22001217a 4500
008
180718b xxu||||| |||| 00| 0 eng d
082
_a
B1 G446/73
100
_a
Gisbert, Pascual
245
_a
Fundamentals of sociology
_c
by Pascual Gisbert
260
_a
Delhi
_b
Orient Longman
_c
300
_a
514p.
650
_a
Sociology
999
_c
345483
_d
345483